Ombudsman (Mohtasib) Punjab Annual Report (2002) (Record no. 297673)

000 -LEADER
fixed length control field 00280 a2200109 4500
001 - CONTROL NUMBER
control field 62600
082 ## - DEWEY DECIMAL CLASSIFICATION NUMBER
Classification number 352.002 GOP
090 ## - LOCALLY ASSIGNED LC-TYPE CALL NUMBER (OCLC); LOCAL CALL NUMBER (RLIN)
-- 37204
-- 37204
245 ## - TITLE STATEMENT
Title Ombudsman (Mohtasib) Punjab Annual Report (2002)
Medium English
260 ## - PUBLICATION, DISTRIBUTION, ETC.
Place of publication, distribution, etc. Lahore
Name of publisher, distributor, etc. Obb Punjab Lahore
300 ## - PHYSICAL DESCRIPTION
Extent 265 XV p
942 ## - ADDED ENTRY ELEMENTS (KOHA)
Institution code [OBSOLETE] CAE NUST
Call number prefix 352.002 GOP
Holdings
Withdrawn status Lost status Damaged status Not for loan Collection code Permanent Location Current Location Date acquired Total Checkouts Full call number Barcode Date last seen Price effective from Koha item type
          College of Aeronautical Engineering (CAE) College of Aeronautical Engineering (CAE) 04/03/2017   352.002 GOP CAEG-5680 04/05/2017 04/05/2017 Book
© 2023 Central Library, National University of Sciences and Technology. All Rights Reserved.